000
00302 a2200145 4500
001
155475
040
_c
Escola São Tomás de Aquino
100
_a
TERRA, Ernani
240
1
0
_a
Verbos
_l
por
245
1
0
_a
Verbos
362
0
_a
1995
440
1
_a
Scipione
697
_a
Língua portuguesa
942
_c
BK
999
_c
155475
_d
155475